ARRUPE JESUIT UNIVERSITY

CORONAVIRUS -STOP THE SPREAD - CLEAN,DISINFECT,COVER
Normal view MARC view

Entry Personal Name

Number of records used in: 1

001 - CONTROL NUMBER

  • control field: 35463

003 - CONTROL NUMBER IDENTIFIER

  • control field: ARRUPE

005 - DATE AND TIME OF LATEST TRANSACTION

  • control field: 20170831123553.0

008 - FIXED-LENGTH DATA ELEMENTS

  • fixed length control field: 170831|| aca||aabn | a|a d

040 ## - CATALOGING SOURCE

  • Original cataloging agency: ARRUPE
  • Transcribing agency: ARRUPE

100 ## - HEADING--PERSONAL NAME

  • Personal name: Cremin, Lawrence A.
  • Fuller form of name: (Lawrence Arthur),
  • Dates associated with a name: 1925-1990,
  • Relator term: joint author.

670 ## - SOURCE DATA FOUND

  • Source citation: Work cat.: (ARRUPE)0: Butts, R. Freeman (Robert Freeman), 1910- 35461, A history of education in American culture, [1953]

 

Arrupe Library. PO Box MP320 Mt Pleasant, Harare, Zimbabwe
263 242 745411|librarian@aju.ac.zw